000 00276nam a2200121Ia 4500
005 20251222154402.0
008 251222s9999||||xx |||||||||||||| ||spa||
020 _a84-7017-685-4
082 _a868.9/D55
100 _a"Delibes, Miguel"
245 0 _aLa hoja rota
942 _cLIB
999 _c35318
_d35318